000 01245nam a2200265Ia 4500
003 OSt
005 20220930094844.0
006 a|||||r|||| 00| 0
007 ta
008 220926b |||||||| |||| 00| 0 hin d
024 _a21709
037 _cTheses
040 _aCRL
_cCRL
_bhin
041 _2hin
_ahin
100 _aजैन, निशान्त
110 _aदिल्ली विश्वविद्यालय. कला संकाय. हिन्दी विभाग
245 0 _aराजभाषा के रूप में हिन्दी की स्थिति (दिल्ली विश्वविद्यालय के संदर्भ में)
246 _aRājabhāṣhā ke rūp mean hindī kī sthiti (dillī vishvavidyālaya ke sandarbha mean)
260 _c2013
650 _aहिन्दी साहित्य
700 _a डॉ. पूरनचन्द टंडन, गा.
_9556472
700 _aदिल्ली विश्वविद्यालय. कला संकाय. हिन्दी विभाग
942 _cDIS
_2CC
999 _c887786
_d887786